LEADER 01623cam0-2200493---450- 001 990000083810203316 005 20090313131414.0 010 $a88-14-07982-X 035 $a0008381 035 $aUSA010008381 035 $a(ALEPH)000008381USA01 035 $a0008381 100 $a20000914d2000----|||y0itay0103----ba 101 0 $aita 102 $aIT 105 $a||||||||001|| 200 1 $aViaggio tra i perchè della disoccupazione intellettuale in Italia$f[a cura della] Fondazione Aristeia, istituto di ricerca dei dottori commercialisti 210 $aMilano$cGiuffrè$dcopyr. 2000 215 $aXII, 286 p.$d24 cm 606 0$aLaureati$xOccupazione$yItalia 676 $a331.1250945 712 00$aFondazione Aristeia 801 $aIT$bSALBC$gISBD 912 $a990000083810203316 951 $a331.125 VIA 1 (IEP VIII 1332)$b25217 G.$cIEP VIII$d00002670 959 $aBK 969 $aECO 979 $c20000914$lUSA01$h1738 979 $c20001019$lUSA01$h1056 979 $c20001019$lUSA01$h1454 979 $c20001019$lUSA01$h1501 979 $c20001019$lUSA01$h1539 979 $c20001024$lUSA01$h1514 979 $c20001027$lUSA01$h1519 979 $c20001027$lUSA01$h1523 979 $c20001110$lUSA01$h1710 979 $c20001124$lUSA01$h1208 979 $c20020403$lUSA01$h1616 979 $aPATRY$b90$c20040406$lUSA01$h1607 979 $aPATRY$b90$c20041221$lUSA01$h1817 979 $aRSIAV3$b90$c20090313$lUSA01$h1312 979 $aRSIAV3$b90$c20090313$lUSA01$h1314 996 $aViaggio tra i perchè della disoccupazione intellettuale in Italia$91517294 997 $aUNISA